LDR 01047naa#a2200205#i#450# 001 RU\\bibl\126615 005 20260705085149.7 011 ## _a2222-7962 100 ## _a20260628b2026####ek#y0rusy0150####ca 102 ## _aRU 200 1# _aСовершенствование механизма рекультивации нарушенных в результате геологического изучения недр и добычи россыпного золота лесных земель _eЖурнальная статья 210 1# _aВоронеж _cВоронежский государственный лесотехнический университет имени Г.Ф. Морозова _d2026 215 ## _a17 с. 608 ## _aЖурнальная статья _2local 675 ## _aЛесное хозяйство. Лесоводство. 630 _z 700 #1 _aШарафутдинов _gРуслан А. 700 #1 _aПыжев _gА. И. 700 #1 _aГордеев _gРоман В. 700 #1 _aМитев _gАлександр Р. 856 4# _anaukaru.ru _u